Normal view
MARC view
- Advertising
Entry Topical Term
001 - CONTROL NUMBER
- control field: 216815
003 - CONTROL NUMBER IDENTIFIER
- control field: OSt
005 - DATE AND TIME OF LATEST TRANSACTION
- control field: 20260304112818.0
008 - FIXED-LENGTH DATA ELEMENTS
- fixed length control field: 260304|| aca||aabn | a|a d
040 ## - CATALOGING SOURCE
- Original cataloging agency: OSt
- Transcribing agency: OSt
150 ## - HEADING--TOPICAL TERM
- Topical term or geographic name entry element: Advertising
670 ## - SOURCE DATA FOUND
- Source citation: Work cat.: (OSt)370556: Bowdery Rob 216814, Basics Advertising 01 Copywriting, 2008